[Event "World op"]
[Site "Philadelphia"]
[Date "1989.??.??"]
[Round "3"]
[White "Psakhis, Lev"]
[Black "Getz, Shelby D"]
[Result "1-0"]
[WhiteElo "2585"]
[BlackElo "2300"]

1.e4 c5 2.Nf3 Nc6 3.Nc3 Nf6 4.Bb5 Nd4 5.e5 Nxb5 6.Nxb5 Nd5 7.Ng5 f5 8.O-O e6
9.d4 cxd4 10.Qxd4 a6 11.c4 Nb4 12.Nd6+ Bxd6 13.Qxd6 Qe7 14.Qb6 a5 15.Nf3 Ra6
16.Qb5 O-O 17.Be3 Rc6 18.Bb6 Nd3 19.Rad1 Nf4 20.Bxa5 Qf7 21.Bd2 Nh5 22.c5 h6
23.a4 g5 24.Nd4 f4 25.f3 Ng7 26.Nxc6 bxc6 27.Qb6 Nf5 28.a5 Ne7 29.Bc3 Nd5
30.Rxd5 exd5 31.a6 d6 32.exd6  1-0

[Event "Podolsk GMA-qual"]
[Site "Podolsk"]
[Date "1989.??.??"]
[Round "?"]
[White "Minasian, Artashes"]
[Black "Petrienko, Vladimir"]
[Result "1/2-1/2"]
[WhiteElo "2485"]
[BlackElo "2420"]

1.e4 c5 2.Nf3 Nc6 3.Nc3 e5 4.Bc4 Be7 5.d3 Nf6 6.Bg5 d6 7.Bxf6 Bxf6 8.Nd2 Bg5
9.Nf1 g6 10.Ne3 O-O 11.O-O Kg7 12.Ncd5 Be6 13.c3 Qd7 14.a3 Bxe3 15.Nxe3 Bxc4
16.dxc4 Ne7 17.f4 exf4 18.Rxf4 f5 19.Qd3 fxe4 20.Rxe4 Rae8 21.Re1 Nc6 22.h3 Rxe4
23.Qxe4 Ne5 24.Rd1 Qe7 25.a4 b6 26.Nd5 Qf7 27.Qe2 h5 28.b3 Qe6 29.Qe3 Rf7
30.Qg5 Nc6 31.Qd2 Na5 32.Qc2 Qf5 33.Qxf5 Rxf5 34.Ne3 Rf7 35.b4 Nb7 36.Nd5 Rd7
37.Kf2 Nd8 38.Ra1 Nf7 39.a5 Ne5 40.axb6 axb6 41.Nxb6 Rb7 42.bxc5 dxc5 43.Ra6 h4
44.Ke2 Kh6 45.Na4 Rb3 46.Re6 Nd7 47.Rd6 Ra3 48.Rxd7 Rxa4 49.Rd5 Ra2+ 50.Kf3 Rc2
51.Rd8 Rxc3+ 52.Kg4 Rg3+ 53.Kxh4 Rxg2 54.Rd6  1/2-1/2

[Event "Podolsk GMA-qual"]
[Site "Podolsk"]
[Date "1989.??.??"]
[Round "?"]
[White "Malisauskas, Vidmantas"]
[Black "Minasian, Artashes"]
[Result "1/2-1/2"]
[WhiteElo "2520"]
[BlackElo "2485"]

1.e4 c5 2.Nc3 Nc6 3.Nge2 Nf6 4.d4 cxd4 5.Nxd4 e5 6.Ndb5 d6 7.Bg5 a6 8.Na3 b5
9.Bxf6 gxf6 10.Nd5 f5 11.Bd3 Be6 12.O-O Bg7 13.c4 bxc4 14.Nxc4 O-O 15.Ndb6 Nd4
16.exf5 Bxc4 17.Nxc4 d5 18.Ne3 e4 19.Bc2 Rb8 20.Rb1 Rb6 21.Bb3 Rd6 22.Re1 Qg5
23.Bxd5 Nf3+ 24.Kh1 Nxe1 25.Qxe1 Qf4 26.Rd1 Rfd8 27.b3 Qe5 28.Qa5 Bh6 29.Ng4 Qg7
30.h3 Bg5 31.f6 Bxf6 32.Qc5 Be7 33.Qc7 Qg5 34.Ne3 Kf8 35.Qc3 Qf6 36.Qc4 Qe5
37.Rd4 f5 38.Bg8 Qf6 39.Bxh7 Kg7 40.Rxd6 Qa1+ 41.Rd1 Rxd1+ 42.Nxd1 Qxd1+
43.Kh2 Bd6+ 44.g3 Bxg3+ 45.fxg3 Qd2+ 46.Kh1 Qd1+  1/2-1/2

[Event "Portoroz"]
[Site "Portoroz"]
[Date "1989.??.??"]
[Round "?"]
[White "Crepan, Marjan"]
[Black "Gostisa, Leon"]
[Result "0-1"]
[WhiteElo "2305"]
[BlackElo "2420"]

1.e4 c5 2.Nf3 Nc6 3.Nc3 Nf6 4.a3 g6 5.d4 cxd4 6.Nxd4 Bg7 7.Be3 O-O 8.Nb3 d6
9.Be2 Be6 10.f4 Qc8 11.h3 Rd8 12.Bf3 d5 13.e5 Ne4 14.Bxe4 dxe4 15.Qe2 Bxb3
16.cxb3 Nd4 17.Bxd4 Rxd4 18.O-O Qe6 19.b4 f5 20.Rad1 Rad8 21.Rxd4 Rxd4 22.Qe3 Qd7
23.Rc1 g5 24.Rc2 b6 25.Qg3 gxf4 26.Qxf4 Rd1+ 27.Kh2 Qe6 28.g3 Rd3 29.Ne2 Bxe5
30.Qg5+ Qg6 31.Qh4 Bf6 32.Qf4 Qg5 33.Qb8+ Kf7 34.Rc8 Qd2 35.Rf8+ Ke6 36.Qc8+ Ke5
37.Qc7+ Rd6 38.Qc4 Qd3 39.Qc3+ Qxc3 40.Nxc3 Rd2+ 41.Kg1 Rxb2 42.Rd8 Rb3 43.Ne2 Rxa3
44.Kf2 Ke6 45.Nf4+ Kf7 46.Rd5 a5 47.Nh5 Rd3 48.Rb5 Ke6 49.g4 f4 50.Kg2 Rd2+
51.Kg1 e3 52.h4 e2 53.Kf2 Bxh4+  0-1

[Event "CSR-ch int"]
[Site "Prague"]
[Date "1989.??.??"]
[Round "1"]
[White "Conquest, Stuart"]
[Black "Pekarek, Ales"]
[Result "1-0"]
[WhiteElo "2490"]
[BlackElo "2465"]

1.e4 c5 2.Nc3 Nc6 3.Nge2 g6 4.d4 cxd4 5.Nxd4 Bg7 6.Nb3 Nf6 7.Bg5 d6 8.Qd2 h6
9.Be3 Ng4 10.Bf4 a5 11.Bb5 Bd7 12.a4 Nb4 13.O-O Ne5 14.Bxe5 Bxe5 15.Rad1 Bg7
16.Bxd7+ Qxd7 17.Nb5 O-O 18.Nxa5 Nxc2 19.Rc1 Rfc8 20.b3 Nd4 21.Nxd4 Rxc1
22.Rxc1 Bxd4 23.Nc4 Bc5 24.Qxh6 b5 25.axb5 Qxb5 26.Qh3 Ra2 27.Rf1 Qa6 28.Qd3 Qa7
29.Nd2 Ra1 30.Rxa1 Qxa1+ 31.Nf1 Qe1 32.Qf3 Kg7 33.g3 Qb1 34.Kg2 Kg8 35.h4 Qb2
36.Nh2 Bd4 37.Ng4 Bg7 38.Qd3 Kh7 39.Ne3 Kg8 40.Nc4 Qc1 41.b4 Qe1 42.b5 Qb4
43.Qd5  1-0

[Event "JUG-Cup (Women)"]
[Site "Pula"]
[Date "1989.??.??"]
[Round "?"]
[White "Simic, Milan"]
[Black "Zelic, Branko"]
[Result "0-1"]
[WhiteElo "2210"]
[BlackElo "2330"]

1.e4 c5 2.Nc3 Nc6 3.Nf3 d6 4.d3 Nf6 5.Be2 e6 6.O-O Be7 7.Nd2 Nd4 8.f4 Nxe2+
9.Qxe2 O-O 10.Nf3 Qc7 11.a3 a6 12.Be3 b5 13.Rad1 Bb7 14.h3 Rac8 15.Rd2 Nh5
16.Nh2 Ng3 17.Qf2 Nxf1 18.Nxf1 d5 19.exd5 exd5 20.d4 c4 21.Nh2 Bd6 22.Ng4 Rce8
23.Re2 f6 24.Nh2 b4 25.axb4 Bxb4 26.Na2 Bd6 27.Nc1 Re4 28.g3 Rfe8 29.c3 Qe7
30.Nf1 Bc8 31.Kh2 Qe6 32.f5 Qxf5 33.Qxf5 Bxf5 34.b3 Ba3 35.Na2 cxb3  0-1

[Event "Ragusa op"]
[Site "Ragusa"]
[Date "1989.??.??"]
[Round "?"]
[White "Nicevski, Risto"]
[Black "Fabiano, Giuseppe"]
[Result "1/2-1/2"]
[WhiteElo "2390"]
[BlackElo "2130"]

1.e4 c5 2.Nc3 Nc6 3.Nge2 Nf6 4.a3 g6 5.Rb1 Bg7 6.b4 d6 7.h3 Nd4 8.d3 O-O
9.Nxd4 cxd4 10.Ne2 Ne8 11.Bb2 e5 12.c4 f5 13.Ng3 f4 14.Ne2 f3 15.gxf3 Bh6
16.Bg2 Qh4 17.Kf1 Ng7 18.Bc1 Bxc1  1/2-1/2

[Event "Royan op"]
[Site "Royan"]
[Date "1989.??.??"]
[Round "2"]
[White "Novoselski, Zoran"]
[Black "Moingt, Jean Claude"]
[Result "1-0"]
[WhiteElo "2360"]
[BlackElo "2300"]

1.e4 c5 2.Nc3 Nc6 3.Nf3 g6 4.Bc4 Bg7 5.O-O e6 6.d4 cxd4 7.Nb5 d6 8.Nfxd4 Nxd4
9.Nxd4 a6 10.c3 Ne7 11.Qb3 Bd7 12.Qa3 e5 13.Nf3 Bc6 14.Rd1 Nc8 15.Bd5 Qc7
16.Be3 O-O 17.Rd3 h6 18.Rad1 Bxd5 19.Rxd5 f5 20.Qb3 Kh8 21.Nh4 Qf7 22.exf5 gxf5
23.Nxf5 Qxf5 24.Qxb7 Qc2 25.R5d2  1-0

[Event "Royan op"]
[Site "Royan"]
[Date "1989.??.??"]
[Round "8"]
[White "Novoselski, Zoran"]
[Black "Degraeve, Jean Marc"]
[Result "1-0"]
[WhiteElo "2360"]
[BlackElo "2365"]

1.e4 c5 2.Nf3 Nc6 3.Nc3 Nf6 4.Bb5 Nd4 5.e5 Nxb5 6.Nxb5 Nd5 7.Ng5 f5 8.Nc3 Nxc3
9.dxc3 e6 10.Bf4 Qc7 11.Qf3 d5 12.exd6 Bxd6 13.Bxd6 Qxd6 14.Rd1 Qe7 15.Qg3 e5
16.Nxh7 g5 17.Qxg5 Qxh7 18.Qf6 Bd7 19.Rd5 Bc6 20.Rd6 Rf8 21.Qxe5+ Kf7 22.Qf6+ Ke8
23.Qe5+ Kf7 24.O-O Kg8 25.Qg3+ Kh8 26.Rg6 Rae8 27.Qd6 Qf7 28.Qg3 Kh7 29.Rg5 Re6
30.f3 Rg6 31.Rh5+ Kg8 32.Rg5 Rxg5 33.Qxg5+ Qg7 34.Qe3 b6 35.Qe6+  1-0

[Event "Sagua la Grande"]
[Site "Sagua la Grande"]
[Date "1989.??.??"]
[Round "8"]
[White "Martin del Campo, Roberto"]
[Black "De Armas, Asela"]
[Result "1-0"]
[WhiteElo "2455"]
[BlackElo "2255"]

1.e4 c5 2.Nc3 Nc6 3.Nf3 d6 4.d4 cxd4 5.Nxd4 e5 6.Nf3 Nf6 7.Bg5 Be7 8.Bxf6 Bxf6
9.Nd5 O-O 10.Qd2 Bg4 11.Be2 Rc8 12.c3 Bxf3 13.Bxf3 Bg5 14.Qd3 Ne7 15.Nxe7+ Bxe7
16.Bd1 Kh8 17.Bb3 Qb6 18.Rd1 g6 19.O-O Rcd8 20.Kh1 f5 21.exf5 Rxf5 22.f3 Rdf8
23.Rfe1 Qf2 24.Re2 Qh4 25.Bd5 b6 26.Qa6 g5 27.g3 Qh3 28.Be6 Qh6 29.Bxf5 Rxf5
30.Qxa7 Qf6 31.Kg2 h5 32.Qa8+ Kg7 33.Qe4  1-0

[Event "Santiago zt"]
[Site "Santiago"]
[Date "1989.??.??"]
[Round "4"]
[White "Gomez Baillo, Jorge H"]
[Black "Milos, Gilberto"]
[Result "1/2-1/2"]
[WhiteElo "2445"]
[BlackElo "2510"]

1.e4 c5 2.Nf3 Nc6 3.Nc3 g6 4.d4 cxd4 5.Nxd4 Bg7 6.Nb3 Nf6 7.Be2 d6 8.O-O O-O
9.Kh1 Be6 10.f4 Qc8 11.Bf3 Bc4 12.Rf2 a5 13.a4 Nb4 14.Be3 e5 15.Rd2 Ra6  1/2-1/2

[Event "Santiago zt"]
[Site "Santiago"]
[Date "1989.??.??"]
[Round "6"]
[White "Salazar, Hernan"]
[Black "Milos, Gilberto"]
[Result "0-1"]
[WhiteElo "2345"]
[BlackElo "2510"]

1.e4 c5 2.Nc3 Nc6 3.Nge2 Nf6 4.g3 d5 5.exd5 Nd4 6.Bg2 Bg4 7.h3 Bf3 8.Bxf3 Nxf3+
9.Kf1 Nxd5 10.Nf4 Nxf4 11.Qxf3 Ne6 12.Qxb7 Nd4 13.d3 e6 14.Bf4 Be7 15.Rc1 O-O
16.Ne2 Bd6 17.Nxd4 cxd4 18.Bxd6 Qxd6 19.Qe4 f5 20.Qf3 e5 21.c3 e4 22.Qf4 Qd5
23.cxd4 exd3 24.Kg1 Rae8 25.Kh2 Re4 26.Qf3 f4 27.Qxd3 Rxd4 28.Qb3 fxg3+ 29.Qxg3 Rd3
30.Qh4 Qe5+ 31.Kg2 Rf4 32.Rc8+ Kf7  0-1

[Event "Sochi-B"]
[Site "Sochi"]
[Date "1989.??.??"]
[Round "?"]
[White "Podlesnik, Bogdan"]
[Black "Ivanov, Jordan"]
[Result "1-0"]
[WhiteElo "2400"]
[BlackElo "2300"]

1.e4 c5 2.Nc3 Nc6 3.Nf3 d6 4.d4 cxd4 5.Nxd4 e6 6.Be3 Nf6 7.f4 e5 8.Nf3 Ng4
9.Bd2 Qb6 10.Qe2 Nd4 11.Nxd4 exd4 12.Qb5+ Bd7 13.Qxb6 axb6 14.Nd5 Rc8 15.Bd3 Bc6
16.Nxb6 Rc7 17.O-O g6 18.b4 f5 19.exf5 gxf5 20.Rae1+ Kd8 21.b5 Be4 22.Ba5 Ne3
23.Rxe3 dxe3 24.Bxe4 Rf7 25.Bd3 Bg7 26.c3 Re8 27.Re1 e2 28.Bc4 Rff8  1-0

[Event "St Ingbert op"]
[Site "St Ingbert"]
[Date "1989.??.??"]
[Round "5"]
[White "Barlov, Dragan"]
[Black "Bern, Ivar"]
[Result "1-0"]
[WhiteElo "2520"]
[BlackElo "2355"]

1.e4 c5 2.Nf3 Nc6 3.Nc3 e5 4.Bc4 d6 5.d3 h6 6.Nd5 g6 7.c3 Bg7 8.Be3 Nge7
9.d4 exd4 10.cxd4 Nxd5 11.Bxd5 cxd4 12.Nxd4 Qa5+ 13.Bd2 Qb6 14.Ne2 Bg4 15.h3 Qxb2
16.Rc1 Bxe2 17.Qxe2 O-O 18.O-O Rab8 19.Rb1 Qf6 20.Be3 Qe7 21.Rfd1 Kh7 22.Qb5 Qc7
23.Rdc1 a6 24.Qa4 Rbc8 25.Qb3 Rb8 26.Qb6 Qxb6 27.Rxb6 Bd4 28.Bxd4 Nxd4 29.Rc7 Nb5
30.Rcxb7 Rxb7 31.Rxb7 Nc3 32.Bxf7 Kg7 33.Bc4+ Kf6 34.f3 Ke5 35.Re7+ Kd4 36.Bb3 a5
37.Ra7 a4 38.Bxa4 Nxa2 39.Rd7 Nc3 40.Rxd6+ Ke3 41.Bc6  1-0

[Event "Sydney"]
[Site "Sydney"]
[Date "1989.??.??"]
[Round "9"]
[White "King, Daniel J"]
[Black "Garbett, Paul Anthony"]
[Result "1/2-1/2"]
[WhiteElo "2500"]
[BlackElo "2230"]

1.e4 c5 2.Nc3 Nc6 3.Nge2 e5 4.Nd5 Nce7 5.Nec3 Nxd5 6.Nxd5 Ne7 7.Bc4 Nxd5
8.Bxd5 d6 9.c3 Be7 10.Qa4+ Kf8 11.Qb3 f6 12.a4 g6 13.d4 Kg7 14.dxc5 dxc5
15.O-O Qc7 16.f4 Bd6 17.f5 Rb8 18.h4 b6 19.c4 Bb7 20.Be6 Bc8 21.Bxc8 Rbxc8
22.a5 Be7 23.Qf3 Rcd8 24.Be3 Qb7 25.axb6 axb6 26.g4 gxf5 27.Qxf5 Qd7 28.Ra3 Qxf5
29.gxf5 Kf7 30.Kf2 Rhg8 31.Kf3 h5 32.Ra6 Rd6 33.Rh1 Rg4 34.Rh2 Ke8 35.Ra8+ Bd8
36.Ra7 Rd7 37.Rxd7 Kxd7 38.Rd2+ Kc7 39.Bf2 Be7 40.Bg3 Rg8 41.Rg2  1/2-1/2

[Event "Tirnavia-C"]
[Site "Trnava"]
[Date "1989.??.??"]
[Round "5"]
[White "Frolov, Artur"]
[Black "Zakic, Srdjan"]
[Result "1-0"]
[WhiteElo "2435"]
[BlackElo "2330"]

1.e4 c5 2.Nf3 Nc6 3.Nc3 Nf6 4.d4 cxd4 5.Nxd4 e5 6.Ndb5 d6 7.Bg5 a6 8.Na3 b5
9.Nd5 Be7 10.Bxf6 Bxf6 11.c4 b4 12.Nc2 Rb8 13.Be2 O-O 14.O-O Bg5 15.Bg4 Be6
16.h3 g6 17.b3 a5 18.a3 bxa3 19.Rxa3 Rb7 20.Nc3 Rd7 21.Nb5 h5 22.Bf3 Qb6
23.Qe2 Qc5 24.Rfa1 h4 25.Ne1 Bd8 26.Nd3 Qb6 27.Rd1 Nd4 28.Nxd4 Qxd4 29.Bg4 Bxg4
30.hxg4 Rb7 31.c5 dxc5 32.Ra4 Qd6 33.Rc4 Rd7 34.Rxc5 Qb6 35.Qc2 Bc7 36.Rc6 Qb7
37.Nb2 Rxd1+ 38.Nxd1 Rd8 39.Ne3 Bb6 40.Nd5 Bd4 41.Rc7 Qb5 42.g5 Kg7 43.Kh2 Rxd5
44.exd5 Qf1 45.Qe4 Qxf2 46.Qf3 Qxf3 47.gxf3 e4 48.Rc4 Be5+ 49.Kg2 exf3+ 50.Kxf3 h3
51.Rh4 h2 52.Kg2 f6 53.Ra4 fxg5 54.Rxa5 Kf7 55.Ra6 Bf4 56.Re6 g4 57.b4 g3
58.b5 g5 59.b6 Bb8 60.b7 Bf4 61.Ra6 Bc7 62.Ra8  1-0

[Event "Wch U20"]
[Site "Tunja"]
[Date "1989.??.??"]
[Round "9"]
[White "Gdanski, Jacek"]
[Black "Polgar, Zsuzsa"]
[Result "1/2-1/2"]
[WhiteElo "2405"]
[BlackElo "2520"]

1.e4 c5 2.Nf3 Nc6 3.Nc3 Nf6 4.Bb5 a6 5.Bxc6 dxc6 6.O-O Bg4 7.h3 Bxf3 8.Qxf3 Nd7
9.d3 g6 10.a4 a5 11.Qe2 Bg7 12.f4 O-O 13.Kh1 f5 14.Be3 b6 15.Rab1 e5 16.fxe5 Nxe5
17.exf5 gxf5 18.d4 cxd4 19.Bxd4 Qc7 20.Rfe1 Rae8 21.Qf2 c5 22.Nd5 Qb7 23.Bxe5 Rxe5
24.Qf3 Kh8 25.Rxe5 Bxe5 26.Re1 Qg7 27.c3 Bg3 28.Re3 Bb8 29.Nf4 Rg8 30.g3 c4
31.Kh2 Qd7 32.Qd5 Qxd5 33.Nxd5 Rd8 34.Nf4 Rd2+ 35.Ng2 Bd6 36.Re8+ Kg7 37.Rc8 Bc5  1/2-1/2

[Event "Tuzla"]
[Site "Tuzla"]
[Date "1989.??.??"]
[Round "8"]
[White "Milovanovic, Rade"]
[Black "Nurkic, Sahbaz"]
[Result "1-0"]
[WhiteElo "2415"]
[BlackElo "2375"]

1.e4 c5 2.Nc3 Nc6 3.Nf3 Nf6 4.Bb5 Nd4 5.e5 Nxb5 6.Nxb5 Nd5 7.Ng5 f6 8.Ne4 a6
9.Nbc3 Nxc3 10.dxc3 d6 11.exd6 exd6 12.Bf4 d5 13.Qh5+ g6 14.Qxd5  1-0

[Event "Uzes op"]
[Site "Uzes"]
[Date "1989.??.??"]
[Round "3"]
[White "Berlandier, Laurent"]
[Black "Pein, Malcolm"]
[Result "0-1"]
[WhiteElo "1800"]
[BlackElo "2385"]

1.e4 c5 2.Nf3 Nc6 3.Nc3 e5 4.Bc4 d6 5.h3 h6 6.O-O g5 7.Ne1 Nf6 8.d3 Bg7 9.Be3 O-O
10.Qd2 Nh5 11.g4 Nf4 12.Kh2 h5 13.f3 Qf6 14.Kg3 Qh6 15.Qh2 Nd4 16.Bxf4 exf4+
17.Kg2 Be5 18.Rf2 Kg7 19.Nd5 Rh8 20.Kg1 b5 21.Nc7 Rb8 22.Bd5 Ne6 23.Nxe6+ fxe6
24.Bb3 Bxb2 25.Rb1 Bd4  0-1

[Event "Val Maubuee op"]
[Site "Val Maubuee"]
[Date "1989.??.??"]
[Round "?"]
[White "Lamoureux, Charles"]
[Black "Giffard, Nicolas"]
[Result "0-1"]
[WhiteElo "2205"]
[BlackElo "2345"]

1.e4 c5 2.Nf3 Nc6 3.Nc3 d6 4.d4 cxd4 5.Nxd4 Nf6 6.Be2 e5 7.Nb3 Be7 8.O-O O-O
9.Bf3 a5 10.a4 Nb4 11.Qe2 Be6 12.Rd1 Qc7 13.Be3 Bc4 14.Qd2 Rfd8 15.Rac1 d5
16.exd5 Nfxd5 17.Nxd5 Nxd5 18.Qe1 Nxe3 19.Qxe3 f5 20.Rxd8+ Rxd8 21.Rd1 Rxd1+
22.Bxd1 b6 23.h3 Bf7 24.Qd3 g6 25.c3 Bc4 26.Qe3 Qd7 27.Bc2 Qe6 28.Nd2 Bd5
29.Nf3 Bf6 30.Qe2 Kg7 31.Nd2 Qc6 32.Nf3 Qe6 33.Nd2 e4 34.g3 Be7 35.Nf1 Qe5
36.Qd2 Be6 37.Ne3 Bc5 38.Ng2 Bf7 39.Bd1 h6 40.h4 Qf6 41.Qd7 Qd6 42.Qxd6 Bxd6
43.Kf1 g5 44.hxg5 hxg5 45.Bc2 Be6 46.g4 f4 47.Bxe4 Bxg4 48.Ne1 Bd7 49.Nf3 Kf6
50.b3 g4 51.Nd2 Be6 52.Bc6 Bc7 53.Ke2 Kg5 54.Be4 Kh4 55.Bc6 Kh3 56.Be4 Kh2
57.Kf1 Be5 58.c4 Bc3 59.Ke2 Kg1 60.Nb1 Bb4  0-1

[Event "Val Maubuee op"]
[Site "Val Maubuee"]
[Date "1989.??.??"]
[Round "?"]
[White "Nadjar, A."]
[Black "Tugaye, Francis"]
[Result "1/2-1/2"]
[WhiteElo "1750"]
[BlackElo "1960"]

1.e4 c5 2.Nf3 Nc6 3.Nc3 g6 4.d4 cxd4 5.Nxd4 Bg7 6.Be3 Nf6 7.Nxc6 bxc6 8.e5 Ng8
9.Bd4 Qa5 10.e6 Nf6 11.exd7+ Bxd7 12.Bd3 O-O 13.O-O Rfd8 14.f3 Rab8 15.Qe2 Rb4
16.Bc4 Be6 17.Bxe6 Rbxd4 18.Bb3 Rd2 19.Qxe7 Nh5 20.Ne4 R2d7 21.Qh4 Bxb2 22.Rae1 Bd4+
23.Kh1 Kg7 24.c3 Be5 25.f4  1/2-1/2

[Event "Val Maubuee"]
[Site "Val Maubuee"]
[Date "1989.??.??"]
[Round "1"]
[White "Hector, Jonny"]
[Black "Shirov, Alexei"]
[Result "0-1"]
[WhiteElo "2485"]
[BlackElo "2450"]

1.e4 c5 2.Nc3 Nc6 3.Nf3 Nf6 4.d4 cxd4 5.Nxd4 d6 6.Bc4 e6 7.Be3 Be7 8.Bb3 a6
9.Qe2 O-O 10.Rg1 Qc7 11.g4 Nd7 12.g5 Nc5 13.Rg3 Nxb3 14.axb3 f5 15.Ncb5 Qb8
16.Rh3 axb5 17.Rxa8 Qxa8 18.Rxh7 Qa1+ 19.Kd2 g6 20.Nxc6 Bxg5 21.Bxg5 Kxh7
22.Ne7 Qg1 23.Qe3 Qxh2 24.Qb6 Bd7 25.Be3 Re8 26.Bg5 fxe4 27.Qd4 Rf8 28.Be3 Rf7
29.Nxg6 Kxg6 30.Qxe4+ Rf5 31.Qxb7 Rd5+ 32.Kc3 Qe5+ 33.Kb4 Qe4+ 34.c4 bxc4
35.Qxd7 c3+ 36.Kxc3 Rd3+  0-1

[Event "Vrnjacka Banja"]
[Site "Vrnjacka Banja"]
[Date "1989.??.??"]
[Round "?"]
[White "Marinkovic, Ivan"]
[Black "Abramovic, Bosko"]
[Result "1/2-1/2"]
[WhiteElo "2345"]
[BlackElo "2485"]

1.e4 c5 2.Nf3 Nc6 3.Nc3 g6 4.d4 cxd4 5.Nxd4 Bg7 6.Be3 Nf6 7.Bc4 O-O 8.Bb3 d6
9.f3 Nxd4 10.Bxd4 Be6 11.Qd2 Qa5 12.O-O-O Rfc8 13.Kb1 Bc4 14.Nd5 Qxd2 15.Rxd2 Nxd5
16.exd5 b5  1/2-1/2

[Event "Vrnjacka Banja"]
[Site "Vrnjacka Banja"]
[Date "1989.??.??"]
[Round "?"]
[White "Nikolic, Zivoslav"]
[Black "Stohl, Igor"]
[Result "1/2-1/2"]
[WhiteElo "2450"]
[BlackElo "2455"]

1.e4 c5 2.Nc3 Nc6 3.Nf3 g6 4.g3 Bg7 5.Bg2 e5 6.d3 Nge7 7.Nd2 d6 8.Nc4 Be6
9.Ne3 Qd7 10.h4 O-O-O 11.a3 f5 12.Ned5 Bxd5 13.exd5 Nd4 14.Nb1 Rde8 15.c3 Nb5
16.a4 Nc7 17.Qb3 h5 18.Na3 Bh6 19.Bxh6 Rxh6 20.Nc4 Ng8 21.Na5 Na8 22.Nc6 a6
23.Na5 Nf6 24.O-O-O Kb8 25.Rhe1 Ka7 26.Nc4 Rh7 27.f4 Ng4 28.fxe5 Nxe5 29.Nxe5 Rxe5
30.Rxe5 dxe5 31.Re1 Re7 32.a5 Qd6 33.c4 Kb8 34.Qc3 Nc7 35.Qd2 Ne8 36.Qf2 Ka7
37.Qe3 Kb8 38.Kc2 Nf6 39.Bf3 Kc7 40.Qg5 Nd7 41.Qd2 Qf6 42.Qe3  1/2-1/2

[Event "JUG-chT"]
[Site "Zlatibor"]
[Date "1989.??.??"]
[Round "?"]
[White "Stanic, Zoran"]
[Black "Todorovic, Jovan"]
[Result "1/2-1/2"]
[WhiteElo "2285"]
[BlackElo "2275"]

1.e4 c5 2.Nc3 Nc6 3.Nge2 d6 4.d4 cxd4 5.Nxd4 Nf6 6.Bg5 Bd7 7.Qd2 Rc8 8.Be2 Nxd4
9.Qxd4 Qa5 10.Bxf6 gxf6 11.O-O Rg8 12.Kh1 Qc5 13.Qd3 e6 14.f4 Be7 15.Qh3 Rg7
16.Bd3 Kd8 17.Qh6 Rg8 18.Qxh7 Rf8 19.Qh4 Kc7 20.Qf2 Qa5 21.f5 Kb8 22.Qd4 Qc7
23.a4 a6 24.Ne2 Rh8 25.h3 Rcg8 26.b4 Rh4 27.Qe3 d5 28.exd5 Bxb4 29.fxe6 Bc5
30.Qf3 fxe6 31.Qxf6 Rgh8 32.Rf4 R4h6 33.Qg7 exd5 34.Bf5 Bd6 35.Qxd7 Bxf4
36.Nxf4 Qxf4 37.Rb1 Qc7 38.Qxd5 Rd8 39.Qf3 Rf6 40.Qg4 Rdf8 41.Bd3 Rf4 42.Qg6 R4f6
43.Qg4 Qc6 44.a5 Ka8 45.Qg7 R8f7 46.Qg8+ Rf8 47.Qg7 R8f7 48.Qg8+  1/2-1/2

[Event "JUG-chT"]
[Site "Zlatibor"]
[Date "1989.??.??"]
[Round "?"]
[White "Kontic, Djordje"]
[Black "Osmanovic, Kemal"]
[Result "1/2-1/2"]
[WhiteElo "2335"]
[BlackElo "2350"]

1.e4 c5 2.Ne2 Nc6 3.Nbc3 d6 4.f4 g6 5.d3 Bg7 6.Be3 Nd4 7.Bf2 Nh6 8.Qd2 Bd7
9.Bh4 Bc6 10.h3 Qa5 11.Ng3 f5 12.Be2 e6 13.O-O Kf7 14.Bd1 Rhe8 15.Nb1 Qxd2
16.Nxd2 Kf8 17.a4 Bd7 18.c3 Nc6 19.Bf3 Nf7 20.Ne2 Rab8 21.Bf2 b6 22.g4 Ne7
23.d4 Bc6 24.e5 Rbc8 25.a5 Bxf3 26.Nxf3 c4 27.axb6 axb6 28.exd6 Nxd6 29.Ng5 Nd5
30.Nxh7+ Kg8 31.Ng5 Bf6 32.Nf3 Ra8 33.g5 Bg7 34.Ne5 Kh7 35.Kg2 b5 36.h4 Ra4
37.Rxa4 bxa4 38.Ra1 Rb8 39.Ra2 Rb3 40.Nf3 Ne4 41.Ne5 Bxe5 42.dxe5 a3 43.bxa3 Ndxc3
44.Nxc3 Nxc3 45.Rc2 Rxa3 46.Kg1 Ne4 47.Bd4 Rg3+ 48.Kh2 c3 49.Ra2 Rd3 50.Ra7+ Kg8
51.Ra8+ Kf7 52.Ra7+ Kg8 53.Ra8+ Kf7 54.Ra7+ Ke8 55.Ra8+ Ke7 56.Ra7+ Ke8 57.Ra8+ Kf7
58.Ra7+ Kg8 59.Ra8+ Kg7 60.Ra7+ Kf8 61.Ra8+ Ke7 62.Ra7+ Kd8 63.Bb6+ Ke8 64.Rc7 Rd2+
65.Kh3 Rb2 66.Rc8+ Kd7 67.Rc7+ Kd8 68.Ba5 Rb5 69.Rc5+ Rxa5 70.Rxa5 c2 71.Ra8+ Kd7
72.Ra7+  1/2-1/2

[Event "Zug"]
[Site "Zug"]
[Date "1989.??.??"]
[Round "?"]
[White "Thesing, Matthias"]
[Black "Ballmann, Martin"]
[Result "1-0"]
[WhiteElo "2370"]
[BlackElo "2270"]

1.e4 c5 2.Nc3 Nc6 3.Nge2 g6 4.d4 cxd4 5.Nxd4 Bg7 6.Be3 d6 7.Qd2 Nf6 8.f3 O-O
9.Bc4 Bd7 10.h4 Rc8 11.Bb3 Ne5 12.O-O-O Nc4 13.Bxc4 Rxc4 14.h5 Nxh5 15.g4 Nf6
16.Nb3 Qc7 17.g5 Nh5 18.Nd5 Qd8 19.Bd4 Bxd4 20.Nxd4 Bc6 21.b3 Bxd5 22.bxc4 Bxc4
23.Nf5 f6 24.Rxh5 gxh5 25.Rg1 e6 26.gxf6+ Kh8 27.Ne7  1-0

[Event "Zug"]
[Site "Zug"]
[Date "1989.??.??"]
[Round "?"]
[White "Kraut, Rainer"]
[Black "Ballmann, Martin"]
[Result "1-0"]
[WhiteElo "2380"]
[BlackElo "2270"]

1.e4 c5 2.Nc3 Nc6 3.Nf3 g6 4.Bb5 Bg7 5.O-O d6 6.Bxc6+ bxc6 7.d3 e5 8.a3 Ne7
9.b4 cxb4 10.axb4 O-O 11.b5 Qc7 12.Be3 Bd7 13.Rxa7 Rxa7 14.b6 Qb7 15.bxa7 c5
16.Nd2 Qxa7 17.Nc4 Qc7 18.Qa1 Rb8 19.Qa3 Bc6 20.Nxd6 Ra8 21.Qxc5 Bf8 22.Nc4 Nf5
23.Qb6  1-0

[Event "Aarhus op"]
[Site "Aarhus"]
[Date "1990.??.??"]
[Round "1"]
[White "Sorensen, Jan"]
[Black "Groenn, Atle"]
[Result "1-0"]
[WhiteElo "2360"]
[BlackElo "2205"]

1.e4 c5 2.Nf3 Nc6 3.Nc3 Nf6 4.Bb5 Nd4 5.e5 Nxb5 6.Nxb5 Nd5 7.Ng5 e6 8.Ne4 Be7
9.Nbd6+ Kf8 10.Qh5 Bxd6 11.Nxd6 Qe7 12.O-O b6 13.c4 Nc7 14.d4 Kg8 15.dxc5 bxc5
16.Bg5 Qf8 17.Qh4 f6 18.exf6 Qxd6 19.fxg7 Kxg7 20.Bf6+  1-0

[Event "Adelaide op"]
[Site "Adelaide"]
[Date "1990.??.??"]
[Round "7"]
[White "Wohl, Aleksandar H"]
[Black "Weeks, M."]
[Result "1-0"]
[WhiteElo "2255"]
[BlackElo "2235"]

1.e4 c5 2.Nc3 Nc6 3.Nge2 e6 4.h3 d5 5.exd5 exd5 6.d4 c4 7.g3 Bb4 8.Bg2 Nge7
9.O-O O-O 10.Bg5 f6 11.Bf4 a6 12.Na4 Ng6 13.c3 Be7 14.b3 b5 15.bxc4 bxc4
16.Qb1 Ra7 17.Qb6 Qd7 18.Nc5 Bxc5 19.Qxc5 Nce7 20.Rab1 Rb7 21.Rxb7 Qxb7 22.Bd6 Be6
23.Bxe7 Nxe7 24.Nf4 Rc8 25.Qd6 Bf7 26.Re1 Kf8 27.Bxd5 Bxd5 28.Nxd5 Qxd5 29.Qxe7+ Kg8
30.Qe6+ Qxe6 31.Rxe6  1-0

[Event "JUG-chT FL"]
[Site "Arandjelovac"]
[Date "1990.??.??"]
[Round "7"]
[White "Gavela, Dragan"]
[Black "Zivanic, Slobodan"]
[Result "0-1"]
[WhiteElo "2350"]
[BlackElo "2290"]

1.e4 c5 2.Nc3 Nc6 3.Nf3 e5 4.Bc4 d6 5.d3 h6 6.Nd5 Nf6 7.Ne3 b5 8.Bb3 Na5
9.Bd2 Nxb3 10.axb3 g6 11.O-O Bg7 12.b4 cxb4 13.Bxb4 O-O 14.c4 Re8 15.b3 Bb7
16.Ra5 bxc4 17.bxc4 a6 18.Qa4 Nh5 19.Nd5 f5 20.Qa3 Re6 21.Rb1 Nf4 22.Bd2 fxe4
23.dxe4 Nxd5 24.cxd5 Re7 25.Nh4 Kh7 26.Qg3 Qe8 27.Rb6 Rd8 28.Bb4 Rc7 29.Ra1 Bf8
30.Ba5 Rdc8 31.Bd2 Qf7 32.Rab1 g5 33.Nf5 Bxd5 34.Nxd6 Bxd6 35.exd5 Qxd5 36.Be3 Rc1+  0-1

[Event "AUT-chT"]
[Site "Austria"]
[Date "1990.??.??"]
[Round "?"]
[White "Felsberger, Alfred"]
[Black "Kwatschewsky, Leo"]
[Result "0-1"]
[WhiteElo "2315"]
[BlackElo "2325"]

1.e4 c5 2.Nc3 Nc6 3.Nge2 d6 4.d4 cxd4 5.Nxd4 Nf6 6.Bc4 Qb6 7.Ndb5 a6 8.Be3 Qa5
9.Nd4 e6 10.O-O Be7 11.f4 O-O 12.Bb3 Bd7 13.f5 Nxd4 14.Bxd4 e5 15.Bf2 Bc6
16.Bh4 Rad8 17.Bxf6 Bxf6 18.Nd5 Bxd5 19.Bxd5 Rd7 20.Kh1 Rc8 21.Rf3 b5 22.Rd3 Qb6
23.Bb3 a5 24.a4 b4 25.Qe2 Rc5 26.Rad1 Qc6 27.Qh5 Qxe4 28.Bd5 Qf4 29.Be6 e4
30.Rxd6 g6 31.fxg6 Rxh5  0-1

[Event "Bad Ragaz op"]
[Site "Bad Ragaz"]
[Date "1990.??.??"]
[Round "7"]
[White "Haist, Wolfgang"]
[Black "Streitberg, Petr"]
[Result "0-1"]
[WhiteElo "2300"]
[BlackElo "2275"]

1.e4 c5 2.Nf3 Nc6 3.Nc3 Nf6 4.d4 cxd4 5.Nxd4 e5 6.Ndb5 d6 7.Bg5 a6 8.Na3 Be6
9.Nc4 Rc8 10.Bxf6 Qxf6 11.Nb6 Rb8 12.Qd2 Qd8 13.Ncd5 Be7 14.c3 Bg5 15.Qc2 O-O
16.a4 f5 17.Bc4 Kh8 18.Bd3 g6 19.h4 Bxh4 20.O-O-O Bg5+ 21.Kb1 Ne7 22.Nxe7 Qxe7
23.exf5 gxf5 24.f3 d5 25.Nxd5 Bxd5 26.Bxf5 Bb3 27.Qxb3 Rxf5 28.Qc2 Rf7 29.Rh5 Rd8
30.Rdh1 Rd7 31.Qe4 Bf4 32.Qc4 Rc7 33.Qe4 Rd7 34.Qc4 Qd8 35.Ka2 Qc7 36.Qe6 Rde7
37.Qg6 Qc6 38.Qc2 Qc4+ 39.Ka1 Rd7 40.Qg6 Qxa4+ 41.Kb1 Rd1+ 42.Rxd1 Qxd1+
43.Ka2 Qd5+ 44.Kb1 Rg7 45.Qf5 Qf7 46.Qh3 Rxg2  0-1

[Event "Bad Ragaz op"]
[Site "Bad Ragaz"]
[Date "1990.??.??"]
[Round "9"]
[White "Milosevic, Goran"]
[Black "Klundt, Klaus"]
[Result "1/2-1/2"]
[WhiteElo "2385"]
[BlackElo "2415"]

1.e4 c5 2.Nf3 Nc6 3.Nc3 Qb6 4.Bb5 e6 5.O-O Nge7 6.Re1 Nd4 7.Bf1 d6 8.Nxd4 cxd4
9.Ne2 Nc6 10.c3 Bd7 11.d3 Be7 12.cxd4 Nxd4 13.Nxd4 Qxd4 14.Qb3 Bc6 15.a4 d5
16.Bd2 dxe4 17.Bc3 Qb6 18.Qxb6 axb6 19.dxe4 O-O 20.b3 Rfd8 21.Bc4 Bc5 22.Rac1 Bd4
23.Bxd4 Rxd4 24.f3 Rad8 25.Kf2 Kf8 26.Ke3 Ke7 27.Rc2 e5 28.Ree2 g6 29.Red2 f5
30.exf5 gxf5 31.Rxd4 Rxd4  1/2-1/2